000 00522nam a22001457a 4500
020 _a9966717528
050 _aGE190.K4
_bN58 2007
100 _aNjuguna, George Ngugi
245 _aEnviromental planning and management/
_btowards better enviromental law, management, evaluation and impact assessment
_cGeorge Ngugi Njuguna
260 _aNairobi:
_bARTS Press,
_c2007
300 _axvi, 320p.:
500 _aincludes table of contents, bibliography and index.
650 _vEnviromental planning and management.
942 _cGEN
999 _c3390
_d3390